000
00392nam a2200133Ia 4500
008
151001s9999||||xx |||||||||||||| ||und||
100
_a
रमेश बोराणा
245
_a
राजस्थान के कला गौरव
250
_a
2
260
_b
राजस्थानी ग्रंथागार
260
_c
2008
300
_a
118
365
_b
21
999
_c
992267
_d
992264